000 01093nam a2200301 i 4500
001 14187
003 KOSZ 005
005 20200306072703.0
008 071019s1968 pl a f 000 0 pol
015 _aPB 1968/7417
035 _a(OCoLC)802066420
040 _aWA N
_cWA N
_dKOSZ 005/KK
080 _a621.311
100 1 _aMroczkowski, Zdzisław.
_eAutor.
245 1 0 _aUkłady elektryczne potrzeb własnych elektrowni parowych /
_cZdzisław Mroczkowski.
260 _aWarszawa :
_bWydawnictwa Naukowo-Techniczne,
_c1968.
300 _a198, [1] stron, [4] karty, tablice :
_bilustracje ;
_c23 cm.
336 _2rdacontent
_aTekst
_btxt
337 _2rdamedia
_aBez urządzenia pośredniczącego
_bn
338 _2rdacarrier
_aWolumin
_bnc
380 _aKsiążki.
504 _aBibliografia na stronach 197-[199].
658 _aInżynieria i technika
650 4 _aElektrownie
710 2 _aWydawnictwa Naukowo-Techniczne
_4pbl.
856 _uhttp://koha.tu.koszalin.pl/cgi-bin/koha/opac-detail.pl?biblionumber=14187
_yKatalog online BPK
942 _2UKD
_cKS
999 _c14187
_d14187